000 00330cam a22001217a 4500
008 180718b1961 xxu||||| |||| 00| 0 eng d
082 _aT394 J267
100 _aJanssen, L.H.
245 _aFree trade, protection and customs union
_cby L.H. Janssen
260 _aLeiden
_bStenfemt Kroese
_c1961
300 _a157p.
650 _aTariff
999 _c370756
_d370756